000
00405nam a2200145Ia 4500
008
100204s9999 xx 000 0 und d
082
_b
1173
100
_a
शेळके उध्दव ज.
245
_a
साहेब
260
_b
"पुष्पक प्रकाशन , पुणे"
_c
1975
300
_a
488
630
_a
साहेब
730
_a
साहेब
942
_c
BOOK
999
_c
446340
_d
446337